[Event "SF Lieme 1 - SF Neuenkirchen 1"]
[Site "NRW-Klasse, Gruppe 2 2015/201"]
[Date "2016.05.08"]
[Round "9.4"]
[White "Schaffarczyk, Andre"]
[Black "Seegers, Hendrik"]
[Result "1/2-1/2"]
[WhiteElo "2118"]
[BlackElo "2130"]
[PlyCount "20"]
[EventDate "2016.??.??"]
[WhiteTeam "SF Lieme 1"]
[BlackTeam "SF Neuenkirchen 1"]

1. e4 d5 2. exd5 Nf6 3. d4 Nxd5 4. Nf3 g6 5. Be2 Bg7 6. O-O O-O 7. Re1 Re8 8.
Na3 Nd7 9. c4 N5f6 10. Bf4 a6 1/2-1/2

[Event "SF Lieme 1 - SF Neuenkirchen 1"]
[Site "NRW-Klasse, Gruppe 2 2015/201"]
[Date "2016.05.08"]
[Round "9.5"]
[White "Haves, Reinhard"]
[Black "Stork, Holger"]
[Result "1/2-1/2"]
[WhiteElo "2113"]
[BlackElo "2040"]
[PlyCount "36"]
[EventDate "2016.??.??"]
[WhiteTeam "SF Neuenkirchen 1"]
[BlackTeam "SF Lieme 1"]

1. d4 Nf6 2. Nf3 e6 3. g3 b6 4. Bg2 Bb7 5. O-O Be7 6. c4 c6 7. Nc3 d5 8. Ne5
Nfd7 9. Bf4 Nxe5 10. Bxe5 O-O 11. Qa4 Nd7 12. Bf4 Nf6 13. Rad1 Nh5 14. Bc1 Nf6
15. e4 dxc4 16. Qxc4 Qc8 17. Qb3 Rd8 18. Rfe1 c5 1/2-1/2

[Event "SF Lieme 1 - SF Neuenkirchen 1"]
[Site "NRW-Klasse, Gruppe 2 2015/201"]
[Date "2016.05.08"]
[Round "9.6"]
[White "Niermann, Tristan"]
[Black "Hachmeister, Dirk"]
[Result "1/2-1/2"]
[WhiteElo "2027"]
[BlackElo "2154"]
[PlyCount "37"]
[EventDate "2016.??.??"]
[WhiteTeam "SF Lieme 1"]
[BlackTeam "SF Neuenkirchen 1"]

1. d4 Nf6 2. c4 e6 3. g3 Bb4+ 4. Bd2 Bxd2+ 5. Nxd2 d6 6. Bg2 Nbd7 7. e3 O-O 8.
Ne2 c5 9. O-O Qc7 10. Nc3 a6 11. Qe2 Rb8 12. Rfc1 b6 13. a3 Bb7 14. b4 h6 15.
Rab1 Rfd8 16. Rc2 Bxg2 17. Kxg2 Rdc8 18. Qd3 Qb7+ 19. Kg1 1/2-1/2

[Event "SF Lieme 1 - SF Neuenkirchen 1"]
[Site "NRW-Klasse, Gruppe 2 2015/201"]
[Date "2016.05.08"]
[Round "9.8"]
[White "Schulte, Oliver"]
[Black "Santos Brito, Daniel"]
[Result "1/2-1/2"]
[WhiteElo "2039"]
[BlackElo "1944"]
[PlyCount "26"]
[EventDate "2016.??.??"]
[WhiteTeam "SF Lieme 1"]
[BlackTeam "SF Neuenkirchen 1"]

1. d4 g6 2. e4 d6 3. Nf3 Bg7 4. c3 Nf6 5. Qc2 O-O 6. Bg5 Bg4 7. Nbd2 c5 8. dxc5
dxc5 9. Be2 Nc6 10. h3 Bxf3 11. Bxf3 Qc7 12. Bh4 Ne5 13. Be2 a6 1/2-1/2

[Event "SG Niederkassel 1 - SK Sodingen / Castr"]
[Site "NRW-Klasse, Gruppe 2 2015/201"]
[Date "2016.05.08"]
[Round "9.1"]
[White "Kartsev, Soel"]
[Black "Wigger, Jochen"]
[Result "1/2-1/2"]
[WhiteElo "2203"]
[BlackElo "2256"]
[PlyCount "22"]
[EventDate "2016.??.??"]
[WhiteTeam "SK Sodingen / Castrop 1"]
[BlackTeam "SG Niederkassel 1"]

1. e4 c6 2. d4 d5 3. exd5 cxd5 4. c4 Nf6 5. Nc3 e6 6. Nf3 Be7 7. Bd3 dxc4 8.
Bxc4 O-O 9. O-O Nc6 10. Re1 b6 11. Bf4 Bb7 1/2-1/2

[Event "SG Niederkassel 1 - SK Sodingen / Castr"]
[Site "NRW-Klasse, Gruppe 2 2015/201"]
[Date "2016.05.08"]
[Round "9.2"]
[White "Rybarczyk, Klaus"]
[Black "Wickenfeld, Stefan"]
[Result "1/2-1/2"]
[WhiteElo "2165"]
[BlackElo "2229"]
[PlyCount "65"]
[EventDate "2016.??.??"]
[WhiteTeam "SG Niederkassel 1"]
[BlackTeam "SK Sodingen / Castrop 1"]

1. Nf3 d5 2. c4 c6 3. g3 Nf6 4. Bg2 e6 5. O-O Be7 6. b3 O-O 7. Bb2 Nbd7 8. Nc3
a6 9. d4 b5 10. Qd3 bxc4 11. bxc4 a5 12. Qc2 Ba6 13. c5 Qc7 14. Rfe1 Rfb8 15.
Bc1 Rb4 16. Bf4 Qb7 17. Rab1 Nh5 18. a3 Rxb1 19. Rxb1 Qa7 20. Bg5 Bxg5 21. Nxg5
Nhf6 22. e4 h6 23. Nf3 Rb8 24. e5 Ne8 25. Nd2 Rxb1+ 26. Ncxb1 Nc7 27. a4 Be2
28. Qc3 Bd1 29. Nb3 Bxb3 30. Qxb3 Na6 31. Nd2 Nb4 32. h4 Nf8 33. Kh2 1/2-1/2

[Event "SG Niederkassel 1 - SK Sodingen / Castr"]
[Site "NRW-Klasse, Gruppe 2 2015/201"]
[Date "2016.05.08"]
[Round "9.3"]
[White "Tomaszewski, Roman"]
[Black "Stanetzek, Carsten"]
[Result "1-0"]
[WhiteElo "2238"]
[BlackElo "2164"]
[PlyCount "73"]
[EventDate "2016.??.??"]
[WhiteTeam "SK Sodingen / Castrop 1"]
[BlackTeam "SG Niederkassel 1"]

1. d4 d5 2. c4 c6 3. Nf3 Nf6 4. Nbd2 Bf5 5. g3 h6 6. Bg2 e6 7. O-O Nbd7 8. b3
Bd6 9. Bb2 O-O 10. e3 Qc7 11. Qe2 Rfe8 12. Rfc1 Rad8 13. a3 Qb8 14. b4 a6 15.
c5 Bc7 16. a4 e5 17. b5 Qc8 18. bxc6 bxc6 19. Bf1 a5 20. dxe5 Nxe5 21. Nxe5
Bxe5 22. Bxe5 Rxe5 23. Nf3 Bg4 24. Qb2 Re7 25. Nd4 Rb7 26. Qa2 Qc7 27. Rab1
Rdb8 28. Bd3 Bd7 29. Rxb7 Rxb7 30. Rb1 Ne4 31. Bxe4 dxe4 32. Rxb7 Qxb7 33. Qb3
Qc8 34. Qb6 Kh7 35. Qxa5 Bg4 36. Qb6 Bf3 37. Qxc6 1-0

[Event "SG Niederkassel 1 - SK Sodingen / Castr"]
[Site "NRW-Klasse, Gruppe 2 2015/201"]
[Date "2016.05.08"]
[Round "9.4"]
[White "Broehl, Stephan"]
[Black "Waldschmidt, Georg"]
[Result "0-1"]
[WhiteElo "2084"]
[BlackElo "2227"]
[PlyCount "66"]
[EventDate "2016.??.??"]
[WhiteTeam "SG Niederkassel 1"]
[BlackTeam "SK Sodingen / Castrop 1"]

1. e4 c5 2. Nf3 e6 3. c3 Nf6 4. e5 Nd5 5. d4 cxd4 6. cxd4 d6 7. Bc4 Be7 8. O-O
O-O 9. Qe2 Nc6 10. Re1 Qb6 11. Nc3 Nxd4 12. Nxd4 Qxd4 13. exd6 Nxc3 14. bxc3
Qxd6 15. Rb1 Qc7 16. Qe4 Bd6 17. Re3 g6 18. h4 Rd8 19. h5 Bh2+ 20. Kf1 Bf4 21.
hxg6 hxg6 22. Rh3 Rd1+ 23. Ke2 Rxc1 24. Rxc1 Bxc1 25. Qd4 e5 26. Bxf7+ Kxf7 27.
Qh4 Qe7 28. Qh7+ Kf6 29. Qh8+ Qg7 30. Rf3+ Bf4 31. Qd8+ Kf7 32. g3 Qf6 33. Qd5+
Qe6 0-1

[Event "SG Niederkassel 1 - SK Sodingen / Castr"]
[Site "NRW-Klasse, Gruppe 2 2015/201"]
[Date "2016.05.08"]
[Round "9.5"]
[White "Boehnke, Martin"]
[Black "Riedel, Holger"]
[Result "1-0"]
[WhiteElo "2111"]
[BlackElo "2145"]
[PlyCount "85"]
[EventDate "2016.??.??"]
[WhiteTeam "SK Sodingen / Castrop 1"]
[BlackTeam "SG Niederkassel 1"]

1. d4 e6 2. Nf3 Nf6 3. c4 Be7 4. Nc3 d5 5. Bg5 Ne4 6. Bxe7 Qxe7 7. cxd5 Nxc3 8.
bxc3 exd5 9. e3 O-O 10. Bd3 c5 11. O-O c4 12. Bc2 Bg4 13. Qe1 Bxf3 14. gxf3 a5
15. Kh1 Ra6 16. Rg1 f5 17. e4 Re6 18. Qf1 fxe4 19. fxe4 Qh4 20. Rg3 Ref6 21. f3
Qh5 22. Qg2 Rg6 23. Rxg6 hxg6 24. exd5 Qxf3 25. Rg1 g5 26. Be4 Qxg2+ 27. Kxg2
Nd7 28. Rb1 Nf6 29. Bf5 Nh5 30. Be6+ Kh7 31. Rxb7 Nf4+ 32. Kh1 Kh6 33. Bf7 g4
34. d6 Nh3 35. Kg2 Ng5 36. Bxc4 Ne4 37. d7 Kg5 38. Rc7 Nd6 39. Be6 Rb8 40. Rc8
Rb2+ 41. Kf1 Ne4 42. d8=Q+ Kf4 43. Bd5 1-0

[Event "SG Niederkassel 1 - SK Sodingen / Castr"]
[Site "NRW-Klasse, Gruppe 2 2015/201"]
[Date "2016.05.08"]
[Round "9.6"]
[White "Schracke, Guido"]
[Black "Hille, Ralph Ingo"]
[Result "1/2-1/2"]
[WhiteElo "2072"]
[BlackElo "2043"]
[PlyCount "33"]
[EventDate "2016.??.??"]
[WhiteTeam "SG Niederkassel 1"]
[BlackTeam "SK Sodingen / Castrop 1"]

1. e4 Nc6 2. Nf3 d5 3. exd5 Qxd5 4. Nc3 Qa5 5. Bb5 Bd7 6. O-O e6 7. a3 a6 8.
Ba4 Bd6 9. d4 Nf6 10. Qd3 Qh5 11. Re1 O-O 12. h3 Rad8 13. Bg5 Ne7 14. Bxf6 gxf6
15. Bxd7 Rxd7 16. Ne4 Qg6 17. Rad1 1/2-1/2

[Event "SG Niederkassel 1 - SK Sodingen / Castr"]
[Site "NRW-Klasse, Gruppe 2 2015/201"]
[Date "2016.05.08"]
[Round "9.7"]
[White "Schriewer, Thomas"]
[Black "Freundlieb, Thomas"]
[Result "0-1"]
[WhiteElo "1985"]
[BlackElo "1957"]
[Annotator "Hausrath,Daniel"]
[PlyCount "70"]
[EventDate "2016.??.??"]
[WhiteTeam "SK Sodingen / Castrop 1"]
[BlackTeam "SG Niederkassel 1"]

1. d4 d6 2. Nf3 g6 3. c4 Bg4 4. Nc3 Bg7 5. e3 c5 6. Be2 cxd4 7. Nxd4 Bxe2 8.
Qa4+ Nd7 9. Kxe2 Ngf6 10. Qd1 Qa5 11. Bd2 Qh5+ 12. f3 Qc5 13. b3 a6 14. Rc1 e5
15. Na4 Qc7 16. Nc2 e4 17. f4 Nc5 18. Nxc5 dxc5 19. b4 b6 20. bxc5 bxc5 21. Na1
O-O 22. Qa4 Qd6 23. Qc2 Qe6 24. Nb3 Qg4+ 25. Kf2 Qf5 26. Rhf1 $11 Rfd8 27. h3
h5 28. Ba5 Rd3 29. Rcd1 g5 30. Kg1 g4 31. Nc1 Rxd1 32. Rxd1 gxh3 33. Rd8+ Rxd8
34. Bxd8 Ng4 35. Qd2 Nxe3 0-1

[Event "SG Niederkassel 1 - SK Sodingen / Castr"]
[Site "NRW-Klasse, Gruppe 2 2015/201"]
[Date "2016.05.08"]
[Round "9.8"]
[White "Wilke, Christopher"]
[Black "Evertz, Dieter"]
[Result "1/2-1/2"]
[WhiteElo "1953"]
[BlackElo "2001"]
[PlyCount "61"]
[EventDate "2016.??.??"]
[WhiteTeam "SG Niederkassel 1"]
[BlackTeam "SK Sodingen / Castrop 1"]

1. d4 f5 2. g3 g6 3. Bg2 Nf6 4. Nf3 Bg7 5. O-O O-O 6. c4 d6 7. Nc3 Qe8 8. d5
Na6 9. Rb1 e5 10. dxe6 c6 11. Nd4 Bxe6 12. Nxe6 Qxe6 13. b3 Rad8 14. Ba3 Rfe8
15. e3 Qe5 16. Ne2 Nc7 17. Qc1 Qe7 18. Rd1 Ne6 19. b4 Qc7 20. b5 Ne4 21. Bb2
N6c5 22. Bxg7 Qxg7 23. bxc6 bxc6 24. Qb2 Qc7 25. Bxe4 Rxe4 26. Rd4 Re7 27. Nc3
Qc8 28. Qd2 Qe6 29. Qc2 Qc8 30. h4 Qe6 31. Qd1 1/2-1/2

[Event "SV Sundern 1 - Herforder SV Königssprin"]
[Site "NRW-Klasse, Gruppe 2 2015/201"]
[Date "2016.05.08"]
[Round "9.1"]
[White "Kirnos, Evgeni"]
[Black "Stolte, Alexander"]
[Result "1/2-1/2"]
[WhiteElo "2172"]
[BlackElo "2168"]
[PlyCount "28"]
[EventDate "2016.??.??"]
[WhiteTeam "Herforder SV Königsspringer 1"]
[BlackTeam "SV Sundern 1"]

1. e4 e6 2. d3 c5 3. Nd2 Nc6 4. g3 d5 5. Bg2 Nf6 6. Ngf3 Be7 7. O-O O-O 8. Re1
b5 9. c3 a5 10. e5 Nd7 11. Nf1 b4 12. h4 a4 13. a3 bxa3 14. bxa3 Qa5 1/2-1/2

[Event "SV Sundern 1 - Herforder SV Königssprin"]
[Site "NRW-Klasse, Gruppe 2 2015/201"]
[Date "2016.05.08"]
[Round "9.2"]
[White "Plass, Heinz"]
[Black "Kassebaum, Roman"]
[Result "0-1"]
[WhiteElo "2043"]
[BlackElo "2253"]
[PlyCount "68"]
[EventDate "2016.??.??"]
[WhiteTeam "SV Sundern 1"]
[BlackTeam "Herforder SV Königsspringer 1"]

1. d4 Nf6 2. c4 g6 3. Nc3 Bg7 4. e4 O-O 5. h3 c6 6. d5 d6 7. Nf3 b5 8. cxb5
cxb5 9. Bxb5 Nxe4 10. Nxe4 Qa5+ 11. Nc3 Bxc3+ 12. bxc3 Qxb5 13. Bh6 Re8 14. Rb1
Qc4 15. Qd4 Qxd4 16. Nxd4 Ba6 17. Nb5 Rc8 18. Kd2 Nd7 19. Rhe1 Ne5 20. Kc2 f6
21. Bc1 Kf7 22. Re4 Rc5 23. a4 Bc8 24. Be3 Bf5 25. f3 Rc4 26. Rb4 Rac8 27.
Rbxc4 Rxc4 28. Kb3 Bxe4 29. fxe4 a6 30. Nd4 Rc7 31. Ne6 Rb7+ 32. Kc2 Ke8 33.
Bc1 Nd7 34. Be3 Nb6 0-1

[Event "SV Sundern 1 - Herforder SV Königssprin"]
[Site "NRW-Klasse, Gruppe 2 2015/201"]
[Date "2016.05.08"]
[Round "9.3"]
[White "Wolf, Andre"]
[Black "Plass, Mariana-Camelia"]
[Result "1-0"]
[WhiteElo "2175"]
[BlackElo "1986"]
[PlyCount "91"]
[EventDate "2016.??.??"]
[WhiteTeam "Herforder SV Königsspringer 1"]
[BlackTeam "SV Sundern 1"]

1. e4 c5 2. Nf3 d6 3. d4 cxd4 4. Nxd4 Nf6 5. Nc3 a6 6. g3 e5 7. Nde2 b5 8. Bg2
Bb7 9. O-O Nbd7 10. Nd5 Nxd5 11. exd5 Be7 12. a4 Nb6 13. a5 Nd7 14. Be3 Bg5 15.
f4 exf4 16. gxf4 Bf6 17. Nd4 O-O 18. b4 Re8 19. Ra3 Rc8 20. Rd3 Rc4 21. Nc6 Qa8
22. Bd4 Bxd4+ 23. Rxd4 Nb8 24. Rxc4 bxc4 25. Nxb8 Qxb8 26. Qd4 Qc8 27. Rf3 Qf5
28. Re3 Rxe3 29. Qxe3 g6 30. Qe4 Qxe4 31. Bxe4 Bc8 32. Kf2 Bd7 33. Ke3 Kg7 34.
Kd4 Bb5 35. Bg2 c3 36. Be4 Kf6 37. Bd3 Bd7 38. Kxc3 Bc8 39. Kd4 h6 40. b5 axb5
41. Bxb5 Kf5 42. Ke3 g5 43. a6 gxf4+ 44. Kf3 Bxa6 45. Bxa6 Ke5 46. Bc4 1-0

[Event "SV Sundern 1 - Herforder SV Königssprin"]
[Site "NRW-Klasse, Gruppe 2 2015/201"]
[Date "2016.05.08"]
[Round "9.4"]
[White "Tillmann, Markus"]
[Black "Pieper-Emden, Carsten"]
[Result "1-0"]
[WhiteElo "2098"]
[BlackElo "2170"]
[Annotator "Hausrath,Daniel"]
[PlyCount "71"]
[EventDate "2016.??.??"]
[WhiteTeam "SV Sundern 1"]
[BlackTeam "Herforder SV Königsspringer 1"]

1. Nf3 d5 2. g3 c6 3. Bg2 Nf6 4. d3 Bf5 5. Nh4 Bc8 6. Nc3 h6 7. Bd2 g5 8. Nf3
Bg7 9. O-O Nbd7 10. e4 dxe4 11. dxe4 e5 12. h4 g4 13. Nh2 Nb6 14. Qe2 Be6 15.
b3 Qc7 16. a4 Nbd7 17. Rfd1 Bf8 18. Nf1 Be7 19. Ne3 h5 $11 20. Ncd5 Qd8 21.
Nxe7 Qxe7 22. Nf5 Bxf5 23. exf5 Nh7 24. a5 a6 25. Ra4 O-O 26. Bb4 c5 27. Bc3
Rab8 28. f3 Nhf6 29. fxg4 hxg4 30. Rxg4+ Kh8 31. Rg5 Rfd8 32. Rxd7 Rxd7 33.
Qxe5 Qxe5 34. Bxe5 Re8 35. Bxf6+ Kh7 36. Rh5+ 1-0

[Event "SV Sundern 1 - Herforder SV Königssprin"]
[Site "NRW-Klasse, Gruppe 2 2015/201"]
[Date "2016.05.08"]
[Round "9.5"]
[White "Quelle, Helmut"]
[Black "Schulte, Josef"]
[Result "1/2-1/2"]
[WhiteElo "2098"]
[BlackElo "1888"]
[Annotator "Hausrath,Daniel"]
[PlyCount "49"]
[EventDate "2016.??.??"]
[WhiteTeam "Herforder SV Königsspringer 1"]
[BlackTeam "SV Sundern 1"]

1. Nf3 Nf6 2. g3 g6 3. Bg2 Bg7 4. c4 O-O 5. Nc3 d6 6. d4 c5 7. dxc5 dxc5 8. O-O
Nc6 9. Bf4 Nh5 10. Bd2 Nd4 11. e3 Nxf3+ 12. Bxf3 Bh3 13. Re1 Qd7 14. Ne4 Rfd8
15. Bc3 Bxc3 16. Nxc3 Nf6 $11 17. Qxd7 Rxd7 18. Red1 Rb8 19. b3 b6 20. Rxd7
Bxd7 21. Rd1 Be8 22. Kf1 Kf8 23. Ke2 e6 24. h4 h6 25. Rd2 1/2-1/2

[Event "SV Sundern 1 - Herforder SV Königssprin"]
[Site "NRW-Klasse, Gruppe 2 2015/201"]
[Date "2016.05.08"]
[Round "9.6"]
[White "Schober, Ralf"]
[Black "Bentel, Robin"]
[Result "1/2-1/2"]
[WhiteElo "1964"]
[BlackElo "1970"]
[Annotator "Hausrath,Daniel"]
[PlyCount "85"]
[EventDate "2016.??.??"]
[WhiteTeam "SV Sundern 1"]
[BlackTeam "Herforder SV Königsspringer 1"]

1. d4 Nf6 2. Nf3 g6 3. Nc3 Bg7 4. e4 d6 5. Be3 O-O 6. Qd2 c6 7. Bd3 b5 8. Bh6
Qc7 9. Bxg7 Kxg7 10. h3 e5 11. Ne2 exd4 12. Nfxd4 a6 13. Ng3 h6 14. c3 c5 15.
Nde2 Re8 16. O-O Bb7 17. Rad1 Nbd7 18. Bb1 $11 Nb6 19. Qf4 Rad8 20. b3 Qe7 21.
Rfe1 d5 22. exd5 Nbxd5 23. Qc1 Qc7 24. c4 Nb6 25. cxb5 axb5 26. Rxd8 Rxd8 27.
Nf4 Nbd5 28. Nxd5 Bxd5 29. Qc3 c4 30. bxc4 Qxc4 31. Qb2 Rc8 32. Rd1 b4 33. Kh2
Rb8 34. Rd4 Qc3 35. Qd2 Be6 36. f3 h5 37. Ne2 Qc5 38. Qf4 Rb6 39. h4 Qa5 40.
Rd6 Rxd6 41. Qxd6 Bxa2 42. Bxa2 Qxa2 43. Qe5 1/2-1/2

[Event "SV Sundern 1 - Herforder SV Königssprin"]
[Site "NRW-Klasse, Gruppe 2 2015/201"]
[Date "2016.05.08"]
[Round "9.7"]
[White "Loemker, Michael"]
[Black "Weber, Constanze"]
[Result "1/2-1/2"]
[WhiteElo "2052"]
[BlackElo "1618"]
[Annotator "Hausrath,Daniel"]
[PlyCount "83"]
[EventDate "2016.??.??"]
[WhiteTeam "Herforder SV Königsspringer 1"]
[BlackTeam "SV Sundern 1"]

1. d4 d5 2. c4 Bf5 3. Nc3 e6 4. Nf3 Nc6 5. a3 Nf6 6. e3 Be7 7. Be2 O-O 8. O-O
Nb8 9. b4 c6 10. Bb2 h6 11. Bd3 Bg4 12. h3 Bh5 13. g4 Bg6 14. Bxg6 fxg6 15. Ne5
Kh7 16. Qd3 Qe8 17. f4 Nbd7 18. Kg2 Nxe5 19. fxe5 Nd7 20. c5 Kg8 21. e4 Rxf1
22. Rxf1 g5 23. Ne2 Qg6 $11 24. Ng3 Rf8 25. Rxf8+ Nxf8 26. Qf3 Qf7 27. Bc1
Qxf3+ 28. Kxf3 g6 29. Ke3 Kf7 30. Kd3 Ke8 31. Bd2 Kd7 32. a4 Kc7 33. Ne2 Nh7
34. b5 Nf8 35. Nc3 Nd7 36. bxc6 bxc6 37. Be1 Nf8 38. Ne2 Nh7 39. Bg3 Nf8 40.
Nc1 Bd8 41. Nb3 Kb7 42. Be1 1/2-1/2

[Event "SV Sundern 1 - Herforder SV Königssprin"]
[Site "NRW-Klasse, Gruppe 2 2015/201"]
[Date "2016.05.08"]
[Round "9.8"]
[White "Hoeffner, Horst"]
[Black "Hanisch, Bernd"]
[Result "1/2-1/2"]
[WhiteElo "1675"]
[BlackElo "1996"]
[PlyCount "156"]
[EventDate "2016.??.??"]
[WhiteTeam "SV Sundern 1"]
[BlackTeam "Herforder SV Königsspringer 1"]

1. d4 d5 2. Nc3 Nf6 3. e4 dxe4 4. f3 e3 5. Bxe3 e6 6. Bd3 Be7 7. Nge2 O-O 8.
O-O Nbd7 9. Ne4 b6 10. Nxf6+ Nxf6 11. c4 Bb7 12. Qc2 c5 13. dxc5 Bxc5 14. Bxc5
bxc5 15. Rad1 Qc7 16. Ng3 Rfd8 17. Ne4 Bxe4 18. Bxe4 Rab8 19. b3 Rb6 20. Rxd8+
Qxd8 21. Rd1 Rd6 22. Rxd6 Qxd6 23. Qd3 Qxd3 24. Bxd3 Kf8 25. Kf2 Ke7 26. Ke3 h6
27. g4 Kd6 28. h4 g5 29. hxg5 hxg5 30. Bc2 Ke5 31. Bb1 a5 32. Bc2 Ng8 33. Be4
Ne7 34. Bb7 f5 35. Ba8 Ng6 36. Bb7 Nf8 37. Bc6 Nh7 38. gxf5 exf5 39. Bb7 Nf6
40. Bc8 Ng8 41. Bb7 Ne7 42. Ba8 f4+ 43. Kd3 Nf5 44. Bb7 Nd6 45. Bc6 Ke6 46.
Bd5+ Kf5 47. Bc6 Ke5 48. Bd5 Ne8 49. Bb7 Nf6 50. Bc8 Kd6 51. Bf5 Ke7 52. Bc8
Kf7 53. Bf5 Kg7 54. Kc3 Kh6 55. a3 Kg7 56. b4 axb4+ 57. axb4 cxb4+ 58. Kxb4 Kf7
59. c5 Ke7 60. Kb5 Kd8 61. Kb6 Nd5+ 62. Kb7 Nc7 63. c6 Nd5 64. Be4 Nc7 65. Bd3
Ne6 66. Kb8 Nc7 67. Bc4 Ne8 68. Bf7 Nc7 69. Kb7 Nb5 70. Bg8 Nc7 71. Bf7 Nb5 72.
Kb6 Nc7 73. Kc5 Ke7 74. Bh5 Ne6+ 75. Kd5 Nc7+ 76. Ke5 Nb5 77. Kf5 Nd4+ 78. Kxg5
Kd6 1/2-1/2